000 00279nam a22001337a 4500
008 171123b xxu||||| |||| 00| 0 eng d
020 _a9780078815249
041 _aeng
080 _a004
100 _a27
101 _aSHK
245 _aUSING SQL
_cGROFT.J.R
942 _2udc
_cBK
999 _c38346
_d38346